000 00546nam a22001937a 4500
003 CEME
005 20210628205945.0
008 210209b xxu||||| |||| 00| 0 eng d
020 _a0-256-20937-5
040 _c.
082 _a658.4038 OBR
100 _aO'brien, James.A
_977653
245 _aIntroduction to information system
250 _a8TH
260 _aNEWYORK
_bIRWIN MCGRAW HILL
_c1997
300 _a520P
650 _aBUSINESS-DATA PROCESSING MANAGEMENT-DATA PROCESSING INFORMATION SYSTEMS,INTRODUCTION
_977654
942 _cBK
_2ddc
999 _c582885
_d582885